00825nas a2200229Ia 4500001001100000003000900011008004100020040001300061040001300074041001200087100004200099210001700141222001700158245008000175250001100255260004600266501008600312300001700398362003700415500010700452650003600559R020/85480IT-RoPAU151124c99999999xx |||||||||||| ||und|| aIT-RoPAU cIT-RoPAU aINGLESE aGodin DavidgCodice Aut. SPICS: 29994 aGRIFFITHIANA aGriffithiana aGRIFFITHIANA, ANNO 12-N.35/36 (OTTOBRE 1989)bFedor Ozep: A Brief Biography a1a ed. aGEMONA (UDINE)bCINETECA DEL FRIULIc1989 bPaulus - SPICS - Società San Paolo EM (non-commercial uses only)cCopyright2015 a9 p. [66-74] aANNO 012, N.35/36 (OTTOBRE 1989) aBreve Biografia del Cineasta Russo con Filmografia. Testo in Italiano a Pagina 58 Dello Stesso Volume. aCINEMAvPUBBLICAZIONE PERIODICA